Statistiques concernant Boîtes aux lettres du monde

Cliquez ici pour prendre le quiz!

Statistiques générales

  • Ce quiz a été pris 23 fois
  • Le résultat moyen est 20 sur 60

Statistiques - réponses

Réponse% Correct
France
80%
Croatie
65%
Italie
65%
Ukraine
65%
Inde
60%
Brésil
55%
Japon
55%
Brésil
50%
Pakistan
50%
Royaume-Uni
50%
Vatican
50%
Australie
45%
Danemark
45%
Finlande
45%
Irlande
45%
Canada
40%
Espagne
40%
Ile {Maurice}
40%
Islande
40%
Italie
40%
Pologne
40%
Royaume-Uni
40%
Russie
40%
Bulgarie
35%
Chine
35%
Etats-Unis
35%
Saint-Marin
35%
Slovaquie
35%
Autriche
30%
Belgique
30%
Emirats Arabes Unis
30%
Mexique
30%
Ouzbékistan
30%
Pays-Bas
30%
Portugal
30%
Sri Lanka
30%
Suisse
30%
Canada
25%
Suède
25%
Suisse
25%
Tunisie
25%
Afrique-du-Sud
20%
Argentine
20%
Estonie
20%
Inde
20%
Maroc
20%
Taiwan
20%
Afrique-du-Sud
15%
Allemagne
15%
Chili
15%
Chypre
15%
Inde
15%
Norvège
15%
Pays-Bas
15%
Turquie
15%
Malte
10%
Tchéquie
10%
Thaïlande
10%
Nouvelle-Zélande
5%
Hongrie
0%

Distribution des résultats

Percentile par nombre de réponses

% des personnes avec chaque résultat

Votre développement - résultats

Vous n’avez pas pris ce quiz